Chanson la plus écoutée par artiste - Statistiques

Statistiques générales
  • Ce quiz a été pris 932 fois
  • Le résultat moyen est 12 sur 35
Statistiques - réponses
Chanteur / Groupe Ecoute Chanson % Correct
Charles Aznavour 38 M La bohème
70%
Diam's 20 M La Boulette ( Génération nan nan )
67%
Stromae 219 M Papaoutai
63%
a-ha 641 M Take on Me
62%
Partenaire Particulier 16 M Partenaire Particulier
61%
Britney Spears 406 M Toxic
55%
ABBA 381 M Dancing Queen
54%
Renan Luce 10 M La lettre
50%
Renaud 25 M Mistral gagnant
50%
Indochine 27 M L'aventurier
46%
Daft Punk 462 M Get Lucky
44%
Oasis 897 M Wonderwall
43%
Vanessa Paradis 20 M Joe le taxi
40%
Rag'n'Bone Man 501 M Human
34%
Lomepal 61 M Trop beau
34%
Eminem 907 M Lose Yourself
32%
Imagine Dragons 1,3 Md Believer
31%
Mickael Miro 4 M L'horloge tourne
30%
Marie Myriam 2 M L'oiseau et l'enfant
30%
Daniel Balavoine 16 M Mon fils ma bataille
28%
Corneille 7 M Parce qu'on vient de loin
27%
Florent Pagny 12 M Savoir aimer
27%
Twenty One Pilots 1,2 Md Stressed Out
27%
Cœur de Pirate 23 M Comme des enfants
26%
Calogero 13 M Face à la mer
24%
Saez 13 M Jeune et con
24%
Maxime Le Forestier 9 M San Francisco
23%
Superbus 5 M Butterfly
19%
Soprano 27 M En feu
18%
The White Stripes 668 M Seven Nation Army
17%
Linkin Park 742 M In the End
15%
System Of A Down 522 M Chop Suey!
7%
Metallica 490 M Enter Sandman
7%
Bigflo & Oli 38 M Demain
6%
Orelsan 40 M Rêves bizarres
1%
Aucun quiz correspondant
Distribution des résultats
% des personnes avec chaque résultat
Percentile par nombre de réponses
Votre historique - résultats
Vous n’avez pas pris ce quiz